| 000 | 01070cam a2200313 a 4500 | ||
|---|---|---|---|
| 001 | 016468236 | ||
| 003 | EG-ScBUE | ||
| 005 | 20220904100030.0 | ||
| 008 | 130624s2013 enka f bd 001 0 eng d | ||
| 020 | _a9781780673141 (pbk.) | ||
| 040 |
_aStDuBDS _beng _erda _cStDuBDS _dUk _dEG-ScBUE |
||
| 082 | 0 | 4 |
_a720.2840285 _bJAB _222 |
| 100 | 1 |
_aJabi, Wassim, _eauthor. _936440 |
|
| 245 | 1 | 0 |
_aParametric design for architecture / _cWassim Jabi. |
| 264 | 1 |
_aLondon : _bLaurence King Publishing Ltd, _c2013. |
|
| 300 |
_a208 pages : _bcolor illustrations ; _c28 cm |
||
| 336 |
_2rdacontent _atext _btxt |
||
| 337 |
_2rdamedia _aunmediated _bn |
||
| 338 |
_2rdacarrier _avolume _bnc |
||
| 500 | _aIncludes glossary. | ||
| 504 | _aIncludes bibliographical references and index. | ||
| 650 | 7 |
_aComputer-aided design. _2BUEsh _93588 |
|
| 650 | 7 |
_aArchitectural design _xComputer programs. _2BUEsh _936441 |
|
| 651 | _2BUEsh | ||
| 653 |
_bENGARC _cNovember2014 _cApril2015 |
||
| 653 |
_bENGARC _cOctober2016 |
||
| 655 |
_vReading book _934232 |
||
| 942 |
_2ddc _k720.2840285 JAB _cBB |
||
| 999 |
_c18546 _d18518 |
||